| 000 | 01753nab a2200229 i 4500 | ||
|---|---|---|---|
| 003 | BR-BrBNA | ||
| 005 | 20250617101623.0 | ||
| 008 | 250617b2018 bl.qr|pooa||| 00| 0 por | | ||
| 040 |
_aBR-BrBNA _bpor |
||
| 072 | _aF70 | ||
| 100 | _aZappi, Daniela Cristina | ||
| 245 | _aFlora das cangas da Serra dos Carajás, Pará, Brasil: Ochnaceae | ||
| 500 | _aPublicação on-line; 9 ref.; 2 illus.; Summaries (En, Pt) | ||
| 520 | _a Resumo Este estudo compreende as espécies de Ochnaceae que foram registradas sobre canga na Serra dos Carajás, estado do Pará, Brasil, incluindo chaves de identificação, descrições, ilustrações e comentários morfológicos das espécies. Foram registradas três espécies distribuídas em dois gêneros, Ouratea (O. castaneifolia e Ouratea racemiformis) e Sauvagesia tenella. Palavras-chave: Amazônia, FLONA de Carajás, florística, Malpighiales. Abstract The present study comprises the Ochnaceae that were recorded on iron-stone (canga) at the Serra dos Carajás, Pará, Brazil. It includes identification keys, descriptions, illustrations and comments regarding the three species recorded in two genera, Ouratea (O. castaneifolia and Ouratea racemiformis), and Sauvagesia tenella. Key words: Amazon Rainforest, FLONA de Carajás, floristics, Malpighiales. | ||
| 650 | _aAMAZÔNIA | ||
| 650 | _aCARAJÁS | ||
| 650 | _aCOMPOSIÇÃO BOTÂNICA | ||
| 773 | 0 |
_0709 _9350966 _dRio de Janeiro-RJ Jardim Botanico do Rio de Janeiro 1935 _o2025-3590 _tRodriguésia (Brazil) _x0370-6583; 2175-7860 on-line _gv. 69(3) p. 1279-1284; (2018) _wBR2025003146 |
|
| 856 | _uhttps://www.scielo.br/j/rod/a/8zVPkKg9zmRXL636YLy3RhG/?format=pdf&lang=pt | ||
| 942 | _cANA | ||
| 999 |
_c332100 _d332100 |
||